| 000 | 00601nam a2200217 a 4500 | ||
|---|---|---|---|
| 003 | OSt | ||
| 005 | 20151111151701.0 | ||
| 008 | 020226s1996 esp spa d | ||
| 020 | _a84-339-2356-0 | ||
| 040 | _cBMC | ||
| 082 | _a823 | ||
| 100 | 1 |
_aSharpe, Tom _d1928-2013 _932253 |
|
| 245 | 1 | 0 |
_aLo peor de cada casa _cTom Sharpe; traducción, Javier Calzada |
| 260 |
_aBarcelona _bAnagrama _cD.L.1996 |
||
| 300 |
_a257 p. _c22 cm |
||
| 490 | 0 |
_aContraseñas _v156 |
|
| 595 | _aTraducción de: The midden | ||
| 650 | 2 | 4 |
_911162 _aNovela inglesa |
| 700 | 1 |
_937225 _aCalzada, Javier |
|
| 942 |
_2ddc _cBK |
||
| 999 |
_c23382 _d23382 |
||